Pays participant à la coupe du monde de rugby 2019 - Statistiques

Statistiques générales
  • Ce quiz a été pris 172 fois
  • Le résultat moyen est 18 sur 20
Statistiques - réponses
pays % Correct
France
99%
Irlande
99%
Ecosse
98%
Nouvelle - Zelande
98%
Australie
97%
Angleterre
96%
Afrique du sud
95%
Argentine
94%
Japon
93%
Italie
92%
Pays de Galles
92%
Fidji
91%
Tonga
91%
États-unis
90%
Canada
87%
Samoa
86%
Russie
80%
Namibie
78%
Georgie
74%
Uruguay
69%
Aucun quiz correspondant
Distribution des résultats
% des personnes avec chaque résultat
Percentile par nombre de réponses
Votre historique - résultats
Vous n’avez pas pris ce quiz